000 00576nam a2200217Ia 4500
003 OSt
005 20220923211751.0
006 a|||||r|||| 00| 0
007 ta
008 Pun
024 _a53,209
037 _cTextual
040 _aARTS
_cARTS
_bPun
041 _2Pun
_aPun
082 _aP15, 153J4 J4
100 _aਅਰੁਨ, ਵਿਦਿਆਭਾਸਕਰ
245 0 _aਸੰਸਕ੍ਰਿਤ - ਪ੍ਰਬੋਧ
260 _c1954
942 _hP15, 153J4 J4
_cTEXL
_2CC
999 _c303320
_d303320